000 00814nas a2200265 4500
001 BR8807490
003 BR-BrBNA
005 20231205091410.0
007 ta
008 230509b bl.|||p| |||| 00| 00por d
040 _aBR-BrBNA
_bpor
_cBiblioteca Nacional de Agricultura
041 _a(Pt)
072 _aF02; F01
100 1 _aJesus, R.M. de
100 1 _aMenandro, M. de S.
100 1 _aBatista, J.L.F.
245 1 _aEficiencia da repicagem na producao de mudas de louro (Cordia tricotoma Vell.)e goncalo-alves (Astronium fraxinifolium Schott)
650 _aFREIJO-LOURO
650 _aGONCALEIRO
650 _aMUDA
650 _aREPICAGEM
773 0 _tIPEF (Brazil)
_xISSN 0100-4557
_g(Dec 1987), (no. 37) p. 69-72
_wBR8807490
909 _a202311
_bLúcia
_c55
_dLúcia Elande
942 _2AGRIS
_n0
_cANA
999 _c124818
_d124818